[Event "September Lviv Tradition 2016 (IM-group"]
[Site "?"]
[Date "2016.10.01"]
[Round "9.4"]
[White "Goluch, Piotr"]
[Black "Grekh, Andrey"]
[Result "0-1"]
[WhiteElo "2330"]
[BlackElo "2368"]
[PlyCount "96"]
[EventDate "2016.??.??"]

1. e4 c5 2. c3 d5 3. exd5 Qxd5 4. d4 Nf6 5. Nf3 e6 6. Be3 cxd4 7. cxd4 Nc6 8.
Nc3 Qd6 9. Bd3 Be7 10. O-O O-O 11. a3 b6 12. Qe2 Bb7 13. Rad1 Rfd8 14. Rfe1
Rac8 15. Bb1 g6 16. Ba2 Nd5 17. Ne4 Qc7 18. Bc1 a5 19. Nfg5 Nxd4 20. Rxd4 Qxc1
21. Nxf7 Ba6 22. Nf6+ Bxf6 23. Qxe6 Re8 24. Qxe8+ Rxe8 25. Rxc1 Bxd4 26. Bxd5
Re2 27. Ng5+ Kh8 28. h4 Bxf2+ 29. Kh2 Bxh4 30. Ne4 Be7 31. Kh3 Re3+ 32. g3 Rd3
33. Bc4 Bc8+ 34. Kg2 Rd4 35. Nf2 Bf5 36. b3 Bxa3 37. Re1 Bc5 38. Kf3 a4 39. g4
Bd7 40. g5 b5 41. Be6 axb3 42. Bxd7 Rxd7 43. Ne4 Bd4 44. Kg4 Kg7 45. Rd1 b2 46.
Nc5 Rd6 47. Ne4 Rc6 48. Nf6 Bxf6 0-1

[Event "September Lviv Tradition 2016 (IM-group"]
[Site "?"]
[Date "2016.10.01"]
[Round "9.5"]
[White "Soroka, Danylo"]
[Black "Bondarets, Vadim"]
[Result "1/2-1/2"]
[WhiteElo "2235"]
[BlackElo "2279"]
[PlyCount "63"]
[EventDate "2016.??.??"]

1. Nf3 f5 2. d4 g6 3. Bf4 Nf6 4. e3 Bg7 5. Bc4 e6 6. Nbd2 O-O 7. h3 d6 8. Qe2
c6 9. a4 Qe7 10. g4 Kh8 11. Bg3 Ne4 12. Nxe4 fxe4 13. Nd2 d5 14. Bb3 c5 15. c3
Nc6 16. f3 exf3 17. Nxf3 Bd7 18. O-O Rae8 19. Qh2 e5 20. dxe5 c4 21. Bc2 Nxe5
22. Nxe5 Rxf1+ 23. Rxf1 Bxe5 24. Bxe5+ Qxe5 25. Rf8+ Kg7 26. Rxe8 Qxh2+ 27.
Kxh2 Bxe8 28. g5 a5 29. Kg3 Kf7 30. Kf4 Ke6 31. e4 b6 32. exd5+ 1/2-1/2

[Event "September Lviv Tradition 2016 (IM-group)"]
[Site "Lviv"]
[Date "2016.10.01"]
[Round "10.1"]
[White "Shkuran, Danylo"]
[Black "Bondarets, Vadim"]
[Result "1/2-1/2"]
[WhiteElo "2449"]
[BlackElo "2279"]
[PlyCount "60"]
[EventDate "2016.09.26"]

1. e4 d6 2. d4 Nf6 3. Nc3 e5 4. dxe5 dxe5 5. Qxd8+ Kxd8 6. Bg5 c6 7. O-O-O+ Kc7
8. Bc4 Be6 9. Bxe6 fxe6 10. f3 Bc5 11. Nge2 Nbd7 12. Rd3 Rad8 13. Rhd1 Nb6 14.
Rxd8 Rxd8 15. Rxd8 Kxd8 16. b3 Ke7 17. Kd2 Nbd7 18. Be3 Bxe3+ 19. Kxe3 Kd6 20.
Nc1 a6 21. Nd3 c5 22. Nb2 b5 23. a4 Kc6 24. axb5+ axb5 25. Ne2 Kd6 26. Nc3 Kc6
27. Ne2 Kd6 28. Nc3 Kc6 29. Ne2 Kd6 30. Nc3 Kc6 $11 1/2-1/2

[Event "September Lviv Tradition 2016 (IM-group"]
[Site "?"]
[Date "2016.10.01"]
[Round "10.2"]
[White "Grekh, Andrey"]
[Black "Soroka, Danylo"]
[Result "1/2-1/2"]
[WhiteElo "2368"]
[BlackElo "2235"]
[PlyCount "74"]
[EventDate "2016.??.??"]

1. e4 Nf6 2. e5 Nd5 3. d4 d6 4. Nf3 dxe5 5. Nxe5 c6 6. Be2 g6 7. O-O Bg7 8. Nf3
O-O 9. h3 Nd7 10. c4 Nc7 11. Nc3 c5 12. d5 b5 13. cxb5 Nb6 14. Bg5 Ncxd5 15.
Nxd5 Nxd5 16. Qb3 Bb7 17. Rfd1 Qd6 18. Bh4 e6 19. Bg3 Qe7 20. a4 Rad8 21. Ne5
Nb4 22. Bc4 Bxe5 23. Bxe5 Qg5 24. Qg3 Qxg3 25. Bxg3 Bd5 26. Rac1 Bxc4 27. Rxd8
Rxd8 28. Rxc4 Nd3 29. b3 e5 30. Kf1 Kf8 31. Ke2 Rd5 32. Rc3 Nb4 33. f3 Ke7 34.
Bf2 Kd6 35. a5 a6 36. bxa6 Nxa6 37. Rd3 Nb4 $11 1/2-1/2

[Event "September Lviv Tradition 2016 (IM-group)"]
[Site "Lviv"]
[Date "2016.10.01"]
[Round "10.3"]
[White "Bykovskiy, Oleg"]
[Black "Goluch, Piotr"]
[Result "0-1"]
[WhiteElo "2312"]
[BlackElo "2330"]
[PlyCount "56"]
[EventDate "2016.09.26"]

1. Nf3 Nf6 2. g3 g6 3. Bg2 Bg7 4. O-O O-O 5. c4 d6 6. d4 c6 7. b3 e5 8. Nc3
Nbd7 9. Bb2 Re8 10. d5 e4 11. Nd4 c5 12. Ndb5 Nf8 13. Qc2 a6 14. Na3 Bf5 15. e3
h5 16. Nab1 Qe7 17. Nd2 N8h7 18. a3 Ng5 19. b4 b6 20. bxc5 bxc5 21. a4 Rab8 22.
Rab1 h4 23. Ba1 Nf3+ 24. Bxf3 exf3 25. e4 Rxb1 26. Rxb1 Nxe4 27. Re1 Nxc3 28.
Rxe7 Rxe7 0-1

[Event "September Lviv Tradition 2016 (IM-group"]
[Site "?"]
[Date "2016.10.01"]
[Round "10.3"]
[White "Shpanko, Nadiia"]
[Black "Rydstrom, Tom"]
[Result "1-0"]
[WhiteElo "2004"]
[BlackElo "2307"]
[PlyCount "47"]
[EventDate "2016.??.??"]

1. e4 e5 2. Nf3 Nc6 3. Bc4 Nf6 4. Ng5 d5 5. exd5 Na5 6. Bb5+ c6 7. dxc6 bxc6 8.
Bd3 Nd5 9. Nf3 Nf4 10. O-O Bd6 11. Re1 O-O 12. Bf1 c5 13. d3 Nc6 14. Bxf4 exf4
15. d4 Qf6 16. c3 Rb8 17. Qa4 Ne7 18. Nbd2 Bb7 19. Qxa7 Qf5 20. b3 cxd4 21.
Qxd4 Bc5 22. Qd3 Qh5 23. Re5 Bxf3 24. Nxf3 1-0

[Event "September Lviv Tradition 2016 (IM-group)"]
[Site "Lviv"]
[Date "2016.10.01"]
[Round "10.5"]
[White "Anwesh, Upadhyaya"]
[Black "Rozycki, Bartlomiej"]
[Result "1/2-1/2"]
[WhiteElo "2387"]
[BlackElo "2140"]
[PlyCount "98"]
[EventDate "2016.09.26"]

1. c4 Nf6 2. g3 e6 3. Bg2 d5 4. Nf3 dxc4 5. O-O Nbd7 6. Na3 Bxa3 7. bxa3 O-O 8.
Qc2 c5 9. Qxc4 b6 10. d4 Bb7 11. dxc5 Nxc5 12. Bb2 Rc8 13. Rfd1 Qe7 14. Qb4
Rfd8 15. a4 Nd5 16. Qa3 a5 17. Nd4 Nb4 18. Bxb7 Nxb7 19. Qf3 Nc5 20. Ba3 Qf6
21. Qxf6 gxf6 22. Bxb4 axb4 23. Nc2 Nxa4 24. Nxb4 Nc3 25. Rxd8+ Rxd8 26. e3 Rd2
27. a3 Kf8 28. Kf1 Ne4 29. Ra2 Rxa2 30. Nxa2 Ke7 31. Ke2 Kd6 32. f3 Nc5 33. Kd2
f5 34. Nb4 e5 35. Kc3 b5 $11 36. Nc2 f6 37. Ne1 Kc6 38. Nc2 Na4+ 39. Kb4 Nb6
40. Kc3 Kc5 41. Kd3 Nc4 42. e4 fxe4+ 43. Kxe4 Nd2+ 44. Kf5 Nxf3 45. Kxf6 Kc4
46. h4 e4 47. h5 Kd3 48. Nb4+ Kc4 49. Nc2 Kd3 $11 1/2-1/2

[Event "September Lviv Tradition 2016 (IM-group"]
[Site "?"]
[Date "2016.10.01"]
[Round "10.5"]
[White "Tokranovs, Dmitrijs"]
[Black "Bogdanov, Egor"]
[Result "0-1"]
[WhiteElo "2265"]
[BlackElo "2411"]
[PlyCount "64"]
[EventDate "2016.??.??"]

1. d4 Nf6 2. c4 g6 3. Nc3 Bg7 4. e4 O-O 5. Nf3 d6 6. h3 e5 7. d5 a5 8. Be3 Na6
9. g4 Nd7 10. Nd2 Ndc5 11. a3 Bd7 12. h4 f5 13. g5 fxe4 14. Ndxe4 a4 15. Nxc5
Nxc5 16. Bxc5 dxc5 17. Ne4 Bf5 18. Bd3 Bxe4 19. Bxe4 Rf4 20. Qc2 Ra6 21. Ke2
Rb6 22. f3 Rb3 23. Rad1 Qd7 24. h5 Qe7 25. hxg6 Qxg5 26. gxh7+ Kh8 27. Rhg1 Qh5
28. Rh1 Rh4 29. Rxh4 Qxh4 30. Rf1 Bh6 31. Rg1 Qh2+ 32. Kf1 Rxf3+ 0-1

[Event "September Lviv Tradition 2016 (IM-group"]
[Site "?"]
[Date "2016.10.02"]
[Round "11.1"]
[White "Bogdanov, Egor"]
[Black "Shkuran, Danylo"]
[Result "1-0"]
[WhiteElo "2411"]
[BlackElo "2449"]
[PlyCount "115"]
[EventDate "2016.??.??"]

1. e4 c6 2. d4 d5 3. exd5 cxd5 4. c4 Nf6 5. Nc3 e6 6. Nf3 Be7 7. cxd5 Nxd5 8.
Bd3 Nf6 9. O-O O-O 10. Ne5 Nbd7 11. Qf3 Re8 12. Bg5 Nxe5 13. dxe5 Nd5 14. Bxe7
Qxe7 15. Qh3 h6 16. Ne4 b6 17. Rac1 Bb7 18. Nd6 Red8 19. Qg3 Rd7 20. Bb5 Rdd8
21. Nxb7 Qxb7 22. Bc6 Qa6 23. Bxa8 Rxa8 24. Qb3 Qe2 25. Rfe1 Qg4 26. h3 Qg5 27.
Qf3 Rd8 28. Rc4 g6 29. Qe4 h5 30. Rd1 Kg7 31. Qh4 Qxh4 32. Rxh4 Rc8 33. Rhd4
Kf8 34. g3 Ke7 35. Kf1 Kd7 36. Ke2 Rc2+ 37. R4d2 Rc5 38. h4 Rc4 39. f4 Rc5 40.
Kd3 Rc8 41. Rc2 Rd8 42. Ke4 Ke7 43. Rd4 Ra8 44. Rdc4 Kd7 45. Rc6 Rb8 46. Rd6+
Ke7 47. Kd4 Ra8 48. a3 Rb8 49. Rxd5 exd5 50. Rc7+ Ke6 51. Rxa7 Rc8 52. Rb7 Rc4+
53. Kd3 Rc6 54. b3 f6 55. exf6 Kxf6 56. Kd4 Ke6 57. a4 Kd6 58. Rg7 1-0

[Event "September Lviv Tradition 2016 (IM-group"]
[Site "?"]
[Date "2016.10.02"]
[Round "11.2"]
[White "Rozycki, Bartlomiej"]
[Black "Tokranovs, Dmitrijs"]
[Result "1-0"]
[WhiteElo "2140"]
[BlackElo "2265"]
[PlyCount "95"]
[EventDate "2016.??.??"]

1. e4 d5 2. exd5 Nf6 3. d4 Nxd5 4. Nf3 g6 5. c4 Nb6 6. Nc3 Bg7 7. c5 Nd5 8. Bc4
c6 9. O-O Be6 10. Qb3 Nxc3 11. bxc3 Bxc4 12. Qxc4 O-O 13. Bf4 Nd7 14. Rab1 Qc8
15. Rfe1 Re8 16. Ng5 e6 17. Ne4 b5 18. Qe2 Qa6 19. Nd6 Re7 20. a4 Qxa4 21. Qf3
Nb8 22. Nxb5 Qa5 23. Nc7 Rxc7 24. Ra1 Qb5 25. Bxc7 Qb7 26. Bxb8 Rxb8 27. g3 e5
28. dxe5 Re8 29. Reb1 Qc7 30. Ra6 Re6 31. Rba1 Qxe5 32. Rxc6 Rxc6 33. Qxc6 Qxc3
34. Rxa7 Qe1+ 35. Kg2 Bd4 36. Qf3 Qe6 37. Ra8+ Kg7 38. c6 Qd6 39. Ra4 Bb6 40.
Rc4 Bc7 41. Qe4 Bb6 42. Qf3 Bc7 43. Rf4 Qe6 44. Rd4 h5 45. Rd7 Be5 46. Qd5 Qf5
47. c7 h4 48. Rxf7+ 1-0

[Event "September Lviv Tradition 2016 (IM-group)"]
[Site "Lviv"]
[Date "2016.10.02"]
[Round "11.3"]
[White "Rydstrom, Tom"]
[Black "Anwesh, Upadhyaya"]
[Result "1-0"]
[WhiteElo "2307"]
[BlackElo "2387"]
[PlyCount "93"]
[EventDate "2016.09.26"]

1. e4 e5 2. Nf3 Nf6 3. Nc3 Nc6 4. Be2 d6 5. d4 Bg4 6. d5 Bxf3 7. Bxf3 Nd4 8.
Be3 Nxf3+ 9. Qxf3 Be7 10. a4 Qd7 11. h3 c6 12. O-O cxd5 13. exd5 O-O 14. Rfd1
Rfc8 15. Qe2 Qc7 16. a5 Qc4 17. Qxc4 Rxc4 18. Kf1 a6 19. Ra4 Rac8 20. Rxc4 Rxc4
21. Ke2 Nd7 22. Kd3 Rc8 23. f3 f5 24. Kd2 Kf7 25. Ra1 Rc4 26. Ra4 Rxa4 27. Nxa4
Ke8 28. b4 Nf6 29. c4 Bd8 30. Nc3 Nd7 31. Kc2 Nf8 32. Kb3 Ng6 33. g3 f4 34. Bf2
fxg3 35. Bxg3 Bh4 36. Bh2 Be7 37. Ne4 Nh4 38. f4 Nf3 39. fxe5 dxe5 40. Bg3 Kd7
41. c5 Nd4+ 42. Kc4 Bf6 43. Nd6 Nc2 44. Bf2 h5 45. Nxb7 e4 46. c6+ Ke7 47. Bc5+
1-0

[Event "September Lviv Tradition 2016 (IM-group"]
[Site "?"]
[Date "2016.10.02"]
[Round "11.3"]
[White "Goluch, Piotr"]
[Black "Shpanko, Nadiia"]
[Result "0-1"]
[WhiteElo "2330"]
[BlackElo "2004"]
[PlyCount "160"]
[EventDate "2016.??.??"]

1. e4 c5 2. Nf3 d6 3. d4 cxd4 4. Nxd4 Nf6 5. Nc3 a6 6. h3 e6 7. g4 Be7 8. g5
Nfd7 9. h4 Nc6 10. Be3 Nxd4 11. Qxd4 e5 12. Qd2 Nc5 13. b4 Ne6 14. Nd5 Bd7 15.
Bb6 Qc8 16. a4 Bc6 17. Bh3 Bxd5 18. exd5 Qc4 19. O-O-O Qa2 20. Qc3 Nf4 21. Qc7
O-O 22. Qxe7 Qa3+ 23. Kd2 Qxb4+ 24. Ke3 Qxb6+ 25. Kf3 Rad8 26. Rb1 Qd4 27. Kg3
Ne2+ 28. Kf3 Nc3 29. Rbe1 Qxd5+ 30. Kg3 Ne4+ 31. Kh2 Nxf2 32. Rhf1 Nxh3 33.
Kxh3 Qe6+ 34. Qxe6 fxe6 35. Rxf8+ Kxf8 36. Rb1 Rd7 37. Kg3 d5 38. Rb6 Ke7 39.
Kf3 Rc7 40. Ke3 h6 41. Kd3 hxg5 42. hxg5 Kf7 43. a5 Re7 44. c4 dxc4+ 45. Kxc4
Kg6 46. Kd3 Kxg5 47. Ke4 Kf6 48. Rb1 g5 49. Rf1+ Kg6 50. Kxe5 Rf7 51. Rb1 Rf5+
52. Ke4 Rxa5 53. Rxb7 g4 54. Kf4 Ra4+ 55. Kg3 Kf5 56. Rf7+ Ke5 57. Rd7 a5 58.
Rd8 Rd4 59. Ra8 a4 60. Ra5+ Kf6 61. Ra6 Kf5 62. Kf2 e5 63. Ra8 Rf4+ 64. Kg2 Ke6
65. Ra6+ Kf5 66. Ra8 Rb4 67. Ra5 Rb2+ 68. Kg3 Rb3+ 69. Kg2 a3 70. Ra8 g3 71.
Ra4 e4 72. Ra8 Rf3 73. Rf8+ Ke5 74. Re8+ Kd4 75. Ra8 Ke5 76. Re8+ Kf4 77. Rf8+
Ke3 78. Ra8 Kd2 79. Ra4 Re3 80. Rc4 Kd3 0-1

[Event "September Lviv Tradition 2016 (IM-group"]
[Site "?"]
[Date "2016.10.02"]
[Round "11.4"]
[White "Soroka, Danylo"]
[Black "Bykovskiy, Oleg"]
[Result "1/2-1/2"]
[WhiteElo "2235"]
[BlackElo "2312"]
[PlyCount "63"]
[EventDate "2016.??.??"]

1. Nf3 Nf6 2. d4 d5 3. c4 e6 4. Nc3 c6 5. Bg5 Be7 6. e3 Nbd7 7. Qc2 O-O 8.
O-O-O Qa5 9. Kb1 dxc4 10. Bxc4 c5 11. Bd3 cxd4 12. exd4 h6 13. h4 b6 14. d5
exd5 15. Nd4 Bb7 16. Nf5 Bb4 17. Bxh6 gxh6 18. Qd2 Rfe8 19. Qxh6 Bf8 20. Qg5+
Kh8 21. Nb5 d4 22. Nbd6 Bd5 23. Bc4 Re5 24. Rxd4 Re1+ 25. Rxe1 Qxe1+ 26. Kc2
Qxf2+ 27. Kb3 Nc5+ 28. Ka3 Nce4 29. Rxe4 Nxe4 30. Qh5+ Kg8 31. Qg4+ Kh8 32.
Qh5+ 1/2-1/2

[Event "September Lviv Tradition 2016 (IM-group"]
[Site "?"]
[Date "2016.10.02"]
[Round "11.5"]
[White "Bondarets, Vadim"]
[Black "Grekh, Andrey"]
[Result "0-1"]
[WhiteElo "2279"]
[BlackElo "2368"]
[PlyCount "74"]
[EventDate "2016.??.??"]

1. c4 e5 2. Nc3 Nf6 3. Nf3 Nc6 4. e4 Bb4 5. d3 O-O 6. a3 Bc5 7. b4 Bd4 8. Nxd4
Nxd4 9. Bg5 c6 10. Be2 h6 11. Bh4 d6 12. O-O Nxe4 13. Nxe4 Qxh4 14. Nxd6 Rd8
15. c5 Nf5 16. g3 Qf6 17. Ne4 Qe6 18. Rc1 Nd4 19. Re1 Qd5 20. Nc3 Qe6 21. Ne4
a5 22. Bf1 axb4 23. axb4 Qg6 24. Bg2 Ra2 25. h3 Qf5 26. Kh2 Be6 27. Rb1 Bd5 28.
Rf1 Bxe4 29. dxe4 Qf6 30. f4 Ne6 31. fxe5 Qxe5 32. Qg4 Rdd2 33. Rg1 h5 34. Qf3
Ng5 35. Qe3 h4 36. Rbe1 hxg3+ 37. Kh1 Nxh3 0-1